000 00290nam a22001337a 4500
008 170407b xxu||||| |||| 00| 0 eng d
020 _a9780683062250
041 _aeng
080 _a611.018
100 _a9
101 _aSHM
245 _aNMS HISTOLOGY
_cHENRIKSON.R.C
942 _2udc
_cBK
999 _c10068
_d10068